[Event "HCL-B206"]
[Site "www.playchess.de"]
[Date "2001.04.10"]
[Round "15"]
[White "dom"]
[Black "Whatever"]
[WhiteElo "1428"]
[BlackElo "1537"]
[PlyCount "90"]
[Result "0-1"]

1.e4 c5 {Have a nice game.}  2.Nf3 {And you}  Nc6 
3.Bb5 g6 4.Nc3 Bg7 5.O-O Nd4 6.Bc4 e6 7.Re1 a6 
8.a4 Ne7 9.d3 O-O 10.Nb1 d5 11.Bb3 Nxb3 12.cxb3 
Nc6 13.e5 b6 14.Bf4 Bb7 15.d4 Qc7 16.Nc3 cxd4 
17.Nxd4 Nxd4 18.Qxd4 Qc5 19.Qxc5 bxc5 20.Rac1 Rfc8 
21.Ne2 Rab8 22.Ng3 d4 23.Ne4 Bxe4 24.Rxe4 h6 25.h3 
g5 26.Bh2 Bf8 27.g4 Rcd8 28.f4 d3 29.fxg5 hxg5 
30.h4 Rxb3 31.hxg5 Rxb2 32.Bf4 Rb4 33.Rxb4 cxb4 
34.Kf2 b3 35.Rb1 Rd4 36.Be3 Rxa4 37.Rxb3 Ra3 
38.Rb2 a5 39.Bc1 Rc3 40.Bd2 Rc2 41.Rxc2 dxc2 
42.Ke2 Ba3 43.Kd3 c1Q {%}  44.Bxc1 Bxc1 45.Kc4 
Kg7 0-1

[Event "HCL-C208"]
[Site "www.playchess.de"]
[Date "2001.04.10"]
[Round "7"]
[White "Onwards_And_Upwords"]
[Black "mesonyx"]
[WhiteElo "1100"]
[BlackElo "1000"]
[PlyCount "71"]
[Result "1-0"]

1.e4 Nf6 2.Nc3 {hi how you doing pleased to play 
you}  e5 3.Nf3 d6 4.d4 Nc6 5.dxe5 {do you speak 
english?}  dxe5 6.Qxd8+ Nxd8 {yes, i do.}  7.Nxe5 
{how are you alright?}  Bd6 8.Nd3 Nc6 9.Bf4 Bg4 
10.e5 Nxe5 11.Bxe5 Rd8 12.Bxf6 gxf6 13.Nd5 f5 
14.Nf6+ Ke7 15.Nxg4 Rhg8 16.Nh6 Rg5 17.O-O-O a6 
18.Re1+ Kf6 19.h3 Bf8 20.Nxf5 Rxf5 21.g4 Rf3 
22.Bg2 Rfxd3 23.cxd3 Rxd3 24.Bxb7 Rd6 25.Red1 Rb6 
26.Be4 Kg7 27.Rd7 c6 28.Ra7 Bc5 29.Bd3 Bxf2 
30.Rxa6 Rb4 31.Rxc6 Rd4 {near to impossible for me 
:-)}  32.Kc2 Ra4 33.Rf1 {as long as you learn from 
this it doesent matter}  Rxa2 34.Rxf2 Ra7 35.b4 
Re7 36.Re2 1-0

[Event "HCL-C209"]
[Site "www.playchess.de"]
[Date "2001.04.10"]
[Round "31"]
[White "Niloc"]
[Black "GENIO_DEL_MAL"]
[WhiteElo "702"]
[BlackElo "1000"]
[PlyCount "23"]
[Result "1-0"]

1.d4 d5 {Hello}  2.c4 dxc4 {.}  3.e4 Nc6 4.d5 Ne5 
5.f4 Bg4 6.Qd4 Nd3+ 7.Bxd3 e6 8.Qxc4 exd5 9.exd5 
Ne7 10.Nc3 Qd7 11.Qb5 b6 12.Qxd7+ 1-0

[Event "ACL-A094"]
[Site "www.playchess.de"]
[Date "2001.04.10"]
[Round "4"]
[White "Winkler"]
[Black "Zsozso"]
[WhiteElo "1260"]
[BlackElo "1641"]
[PlyCount "104"]
[Result "0-1"]

1.e4 c5 2.Nf3 Nc6 3.d4 cxd4 4.Nxd4 Nf6 5.Nc3 {good 
luck and interesting game.Andreas}  e5 6.Ndb5 d6 
7.Bc4 a6 {Thanks. The same to you.}  8.Na3 Be7 
9.O-O O-O 10.Re1 b5 11.Bd5 Bb7 12.Bxc6 Bxc6 13.Nd5 
Nxd5 14.exd5 Bd7 15.Nb1 Bg5 16.a3 f5 17.b4 Bf6 
18.Bb2 Rc8 19.Nd2 Qc7 20.Rc1 Bg5 21.c3 Qb7 22.Rc2 
Qxd5 23.Nf3 Qxd1 24.Rxd1 Be7 25.h3 Be6 26.Rcc1 Bf7 
27.Rde1 Bf6 28.g3 Rc6 29.Kh2 Rfc8 30.h4 Bd5 31.Ng1 
Bb3 32.Nf3 g6 33.Ng5 h6 34.Nf3 Kg7 35.Kg1 g5 
36.hxg5 hxg5 37.Nd2 Bd5 38.f3 Rh8 39.Kg2 g4 
40.Reh1 gxf3+ 41.Kf2 Rxh1 42.Rxh1 e4 43.Nf1 Bxc3 
44.Bxc3+ Rxc3 45.Ne3 Be6 46.Ra1 d5 47.a4 d4 48.Nf1 
Rc2+ 49.Kg1 e3 50.axb5 f2+ 51.Kh2 e2 52.bxa6 e1Q 
{%}  0-1

[Event "ACL-A108"]
[Site "www.playchess.de"]
[Date "2001.04.10"]
[Round "7"]
[White "wael"]
[Black "Winkler"]
[WhiteElo "1100"]
[BlackElo "1260"]
[PlyCount "49"]
[Result "1-0"]

1.e4 d5 2.exd5 Qxd5 3.Nc3 Qa5 4.d4 Nf6 5.Nf3 e6 
6.Bc4 Be7 7.Bd2 O-O 8.Nd5 Qxd2+ {is very good 
wael.Andreas}  9.Qxd2 Nxd5 10.O-O a6 11.Bxd5 exd5 
12.Rfe1 Be6 13.Ne5 Nd7 14.Nxd7 Rfd8 15.Ne5 Bf6 
16.f4 Bxe5 17.Rxe5 c6 18.Rae1 g6 19.Qe2 Rde8 20.g4 
Kf8 21.f5 Bd7 22.Qd2 Rxe5 23.Rxe5 Re8 24.Qh6+ Kg8 
25.f6 1-0

[Event "HCL-B210"]
[Site "www.playchess.de"]
[Date "2001.04.10"]
[Round "12"]
[White "Axel"]
[Black "shepherd"]
[WhiteElo "1765"]
[BlackElo "1392"]
[PlyCount "47"]
[Result "1-0"]

1.e4 c5 2.Nf3 Nc6 3.d4 cxd4 4.Nxd4 e5 5.Nb5 d6 
6.Bg5 Qa5+ 7.N1c3 Be7 8.Bxe7 Ngxe7 9.Nxd6+ Kf8 
10.Bc4 Nd8 11.Nxf7 Nxf7 12.Qf3 Bf5 13.exf5 Qb4 
14.Bxf7 Kxf7 15.O-O-O a5 16.Nd5 Nxd5 17.Qxd5+ Kf6 
18.Qe6+ Kg5 19.h4+ Kg4 20.f6+ Kf4 21.g3+ Kf3 
22.Qf5+ Ke2 23.Qd3+ Kxf2 24.Rh2+ 1-0

[Event "ACL-A114"]
[Site "www.playchess.de"]
[Date "2001.04.10"]
[Round "5"]
[White "Aldebaran"]
[Black "roofus"]
[WhiteElo "1500"]
[BlackElo "696"]
[PlyCount "23"]
[Result "1-0"]

1.e4 e5 2.Nf3 Nc6 3.Bb5 h6 4.a3 a6 5.Ba4 b6 6.Nc3 
b5 7.Bb3 Nf6 8.d3 d6 9.Be3 Bb7 10.Qd2 Ng4 11.O-O 
Nd4 12.Qd1 1-0

[Event "ACL-A108"]
[Site "www.playchess.de"]
[Date "2001.04.10"]
[Round "18"]
[White "DIG"]
[Black "Vampyr"]
[WhiteElo "1500"]
[BlackElo "1580"]
[PlyCount "55"]
[Result "1-0"]

1.c4 Nf6 2.d4 e6 3.Nf3 d5 4.e3 c5 5.Bd3 a6 6.O-O 
Nc6 7.Nbd2 Be7 8.a3 dxc4 9.Nxc4 cxd4 10.exd4 Nxd4 
11.Nxd4 Qxd4 12.Be3 Qd8 13.Nb6 Rb8 14.Qa4+ Bd7 
15.Nxd7 Qxd7 16.Qxd7+ Nxd7 17.Rac1 Ne5 18.Be2 Nc6 
19.Rfd1 O-O 20.Rd7 Bf6 21.Rc2 Rfd8 22.Rxd8+ Rxd8 
23.b3 h6 24.g3 Ne7 25.Rc7 Nd5 26.Rxb7 Nxe3 27.fxe3 
Rd2 28.Bxa6 1-0

[Event "HCL-B224"]
[Site "www.playchess.de"]
[Date "2001.04.10"]
[Round "6"]
[White "Whatever"]
[Black "donkey"]
[WhiteElo "1473"]
[BlackElo "1238"]
[PlyCount "52"]
[Result "1/2-1/2"]

1.e4 {Have a good game.}  c5 {thanks and you too}  
2.Nf3 d6 3.d4 cxd4 4.Nxd4 Nf6 5.Nc3 g6 6.Be3 Bg7 
7.Bc4 O-O 8.f3 Nc6 9.Qd2 Bd7 10.h4 h5 11.O-O-O Rc8 
12.Bb3 Ne5 13.Bh6 Nc4 14.Bxc4 Rxc4 15.Bxg7 Kxg7 
16.Nde2 Qb6 17.Nf4 Rfc8 18.Rhe1 e5 19.Nfe2 Ba4 
20.b3 Bxb3 21.axb3 R4c5 22.Kb2 Qc7 23.Qxd6 Rxc3 
24.Qxc7 R3xc7 25.Rd2 {I didn't see that :-(}  Nd7 
{I made a mistake too (19. .. Ba4?)}  26.Red1 
Nb6 1/2-1/2

[Event "HCL-C220"]
[Site "www.playchess.de"]
[Date "2001.04.10"]
[Round "2"]
[White "Speedy"]
[Black "tiberiuskirk"]
[WhiteElo "1279"]
[BlackElo "1085"]
[PlyCount "23"]
[Result "1-0"]

1.e4 {hello}  e6 {hi}  2.e5 d5 3.d4 c5 4.c3 Qb6 
5.Nf3 Bd7 6.Nbd2 cxd4 7.cxd4 Bb5 8.a4 Ba6 9.Be2 
Bxe2 10.Qxe2 Qa6 11.Qxa6 Nxa6 12.O-O 1-0

[Event "HCL-B219"]
[Site "www.playchess.de"]
[Date "2001.04.10"]
[Round "19"]
[White "Whatever"]
[Black "Czentovic"]
[WhiteElo "1473"]
[BlackElo "1236"]
[PlyCount "53"]
[Result "1-0"]

1.e4 {Have a good game.}  c5 2.Nf3 d6 3.d4 cxd4 
4.Nxd4 Nf6 5.Nc3 a6 6.Bg5 e6 7.f4 Be7 8.Qf3 Qc7 
9.O-O-O Nbd7 10.g4 b5 11.Bxf6 Nxf6 12.g5 Nd7 13.h4 
Nc5 14.Bh3 b4 15.Nce2 e5 16.Nf5 O-O 17.Nxe7+ Qxe7 
18.Ng3 Qc7 19.Nf5 Bxf5 20.Bxf5 Qa5 21.Kb1 Qb6 
22.h5 a5 23.Rd5 exf4 24.Qxf4 Rfd8 25.g6 fxg6 
26.hxg6 h6 27.Be6+ 1-0

[Event "HCL-B219"]
[Site "www.playchess.de"]
[Date "2001.04.10"]
[Round "20"]
[White "Czentovic"]
[Black "MP"]
[WhiteElo "1236"]
[BlackElo "1155"]
[PlyCount "47"]
[Result "1-0"]

1.d4 d5 2.c4 c6 3.Nf3 Nf6 4.Nc3 Bg4 5.Ne5 Bf5 
6.cxd5 cxd5 7.Qb3 Qc8 8.Nxd5 e6 9.Qb5+ Nbd7 
10.Nxf6+ gxf6 11.Nd3 a6 12.Qb3 Bd6 13.Bd2 Be4 
14.Rc1 Qb8 15.e3 b5 16.f3 Bd5 17.Qc2 Bxa2 18.b3 
Bxb3 19.Qxb3 Bxh2 20.Nc5 Nxc5 21.Rxc5 Rg8 22.Kd1 
Rxg2 23.Bxg2 Qg3 24.Rh5 1-0

[Event "HCL-B223"]
[Site "www.playchess.de"]
[Date "2001.04.10"]
[Round "9"]
[White "MP"]
[Black "herrDokter"]
[WhiteElo "1155"]
[BlackElo "1200"]
[PlyCount "75"]
[Result "1-0"]

1.d4 d5 {hello and good luck}  2.Nf3 {good luck on 
the game}  Nf6 3.e3 Nc6 4.Bb5 Bg4 {looks like a 
trade off}  5.O-O Qd6 6.Nbd2 Bxf3 7.Nxf3 h5 8.Ne5 
Qe6 9.f4 O-O-O 10.a4 Nxe5 11.dxe5 Ne4 12.Qe2 f5 
13.b3 a6 14.Bd3 Nc3 15.Qe1 d4 16.Bb2 Nd5 17.exd4 
Qg6 18.c4 h4 19.cxd5 h3 20.g3 c6 21.dxc6 Qxc6 
22.Rc1 e6 23.Rxc6+ bxc6 {very nice move}  24.Bxa6+ 
Kc7 25.Bc3 Ra8 26.Bc4 g5 27.fxg5 Rg8 28.Bxe6 Rxg5 
29.Rxf5 Rg6 30.Rf7+ Kb6 31.Bxh3 c5 32.Rf6+ Rxf6 
33.exf6 c4 34.Qe6+ Kb7 35.Bg2+ Ka7 36.Bxa8 cxb3 
37.Qc6 Bc5 38.Qb7+ 1-0

[Event "HCL-C224"]
[Site "www.playchess.de"]
[Date "2001.04.10"]
[Round "32"]
[White "Buddha"]
[Black "ictus"]
[WhiteElo "1000"]
[BlackElo "1176"]
[PlyCount "35"]
[Result "1-0"]

1.e4 e6 2.d4 d5 3.Nc3 dxe4 4.Nxe4 Nd7 5.Nf3 Ngf6 
6.Bg5 Be7 7.Bd3 Nxe4 8.Bxe7 Qxe7 9.Bxe4 Nf6 10.O-O 
Nxe4 11.Re1 Nf6 12.d5 Nxd5 13.c4 Nf6 14.b3 Bd7 
15.Ne5 O-O-O 16.Nxd7 Rxd7 17.Qf3 h5 
18.Red1 1-0

[Event "HCL-C229"]
[Site "www.playchess.de"]
[Date "2001.04.10"]
[Round "5"]
[White "Amikelhenry"]
[Black "Shahn"]
[WhiteElo "1000"]
[BlackElo "1000"]
[PlyCount "33"]
[Result "1-0"]

1.Nf3 d5 2.g3 Nf6 {come on fucker}  3.Bg2 Bg4 
4.O-O d4 5.Nxd4 Qxd4 6.Bxb7 Bh3 7.Re1 Qe4 8.f3 
Qxb7 9.g4 Qb6+ 10.e3 e6 11.b3 Bc5 12.Bb2 h5 13.g5 
Nd5 14.Bxg7 Nxe3 15.dxe3 Rg8 16.Bf6 Rg6 
17.Qd8+ 1-0

[Event "HCL-B230"]
[Site "www.playchess.de"]
[Date "2001.04.10"]
[Round "9"]
[White "SOS"]
[Black "Allesnehmer"]
[WhiteElo "1500"]
[BlackElo "1937"]
[PlyCount "20"]
[Result "0-1"]

1.e4 e6 2.d4 d5 3.e5 c5 4.c3 Nc6 5.Bb5 Bd7 6.Qb3 
cxd4 7.Bxc6 bxc6 8.cxd4 Rb8 9.Qg3 Ne7 10.Bg5 
Rxb2 0-1

[Event "HCL-B229"]
[Site "www.playchess.de"]
[Date "2001.04.10"]
[Round "11"]
[White "serpens"]
[Black "daniela"]
[WhiteElo "1168"]
[BlackElo "1321"]
[PlyCount "22"]
[Result "0-1"]

1.e4 e6 {I wish us an interesting game. Where do 
you come from?}  2.d4 d5 3.Nc3 Bb4 4.e5 c5 5.a3 
Bxc3+ 6.bxc3 c4 7.Qg4 g6 8.Bg5 f6 9.exf6 Nxf6 
10.Bxf6 Qxf6 11.Nf3 Nc6 0-1

[Event "HCL-B215"]
[Site "www.playchess.de"]
[Date "2001.04.10"]
[Round "1"]
[White "victor"]
[Black "daniela"]
[WhiteElo "1300"]
[BlackElo "1321"]
[PlyCount "24"]
[Result "0-1"]

1.e4 e6 {Hello, I wish us an interesting game.}  
2.d4 d5 3.Nc3 Bb4 4.e5 c5 5.a3 Bxc3+ 6.bxc3 c4 
7.Qg4 g6 8.Nh3 f5 9.exf6 Qxf6 10.Bg5 Qf5 11.Qxf5 
exf5 12.Bf4 Nc6 0-1

[Event "HCL-A102"]
[Site "www.playchess.de"]
[Date "2001.04.10"]
[Round "19"]
[White "Gorodish"]
[Black "deadeasy"]
[WhiteElo "1784"]
[BlackElo "1902"]
[PlyCount "93"]
[Result "1-0"]

1.d4 Nf6 {hello from london. i look forward to an 
interesting game}  2.c4 {all the best from 
stuttgart, germany :-)}  c5 3.d5 b5 4.cxb5 a6 
5.bxa6 g6 6.Nc3 Bxa6 7.e4 Bxf1 8.Kxf1 d6 9.Nf3 Bg7 
10.g3 O-O 11.Kg2 Nbd7 12.h3 Ra6 13.Re1 Qa8 14.Bg5 
h6 15.Bd2 e6 16.dxe6 fxe6 17.Qc2 d5 18.a4 g5 
19.Ra3 Rf7 20.exd5 exd5 21.Nb5 Qb7 22.b4 Ne4 
23.bxc5 Ndxc5 24.Be3 Ne6 25.Nd2 Bf8 26.Raa1 N4c5 
27.Bxc5 Nxc5 28.Re5 Qa8 29.Rf5 Rxf5 30.Qxf5 Qb7 
31.Nf3 Nxa4 32.Ne5 Bg7 33.Rc1 d4+ 34.Kg1 Nc3 
35.Nxd4 Qe4 36.Qc8+ Kh7 37.Qxa6 Bxe5 38.Rxc3 Qe1+ 
39.Kg2 Qxc3 40.Nf5 Bg7 41.Qb7 Qf6 42.Nxg7 Qxg7 
43.Qxg7+ Kxg7 44.Kf3 Kf7 45.Ke4 Kf6 46.f4 h5 
47.f5 1-0

[Event "HCL-C222"]
[Site "www.playchess.de"]
[Date "2001.04.10"]
[Round "15"]
[White "YoYo"]
[Black "Burra"]
[WhiteElo "1000"]
[BlackElo "1000"]
[PlyCount "60"]
[Result "0-1"]

1.d4 {Hi,gl}  Nf6 2.c4 d6 3.Nc3 g6 4.Nf3 Bg7 5.e3 
O-O 6.Bd3 Bd7 7.O-O Qc8 8.Re1 Nc6 9.a3 Bg4 10.d5 
Bxf3 11.Qxf3 Ne5 12.Qe2 Nxd3 13.Qxd3 e5 14.e4 Nh5 
15.Ne2 f5 16.exf5 gxf5 17.f4 e4 18.Qe3 Rf6 19.Nd4 
Rh6 20.Ne6 Bf6 21.Qh3 Qd7 22.Qxf5 Ng7 23.Qxe4 Kh8 
24.g4 Rh4 25.g5 Bxg5 26.Nxg5 Re8 27.Ne6 Nxe6 
28.dxe6 Rg8+ 29.Kh1 Qg7 30.Be3 
Rxh2+ 0-1

[Event "HCL-B232"]
[Site "www.playchess.de"]
[Date "2001.04.10"]
[Round "6"]
[White "queiroz"]
[Black "lonewolf"]
[WhiteElo "1500"]
[BlackElo "1159"]
[PlyCount "52"]
[Result "0-1"]

1.e4 c5 2.Nf3 {good luck}  Nc6 {thanks,you too}  
3.d4 cxd4 4.Nxd4 e5 5.Nb5 a6 6.Nd6+ Bxd6 7.Qxd6 
Qf6 8.Qc7 Qe7 9.Nc3 Nb4 10.Nd5 Nxd5 11.exd5 d6 
12.Qb6 Bf5 13.Be3 Nf6 14.c4 O-O 15.Be2 Nd7 16.Qb4 
Nc5 17.Bxc5 dxc5 18.Qb6 a5 19.O-O Ra6 20.Qb3 Re8 
21.Rad1 e4 22.Qg3 Rg6 23.Qc3 Qh4 24.g3 Qh3 25.Rfe1 
Rh6 26.f4 Qxh2+ 0-1

[Event "HCL-B215"]
[Site "www.playchess.de"]
[Date "2001.04.10"]
[Round "8"]
[White "daniela"]
[Black "Mulder_500"]
[WhiteElo "1321"]
[BlackElo "1500"]
[PlyCount "34"]
[Result "0-1"]

1.e4 {Hallo, ich hoffe auf ein schönes Spiel.}  e5 
{Hallo, tut mir leid, daß es so lange gedauert hat 
!!}  2.f4 {Braucht es nicht, ich bin auch nicht 
ständig online.}  exf4 {Mutig, mutig !!!}  3.Nf3 
{Was solls, in der Praxis spiele ich auch kein 
Königsgambit. Ist eben ein Versuch!}  d6 4.Bc4 Nc6 
5.d4 Nf6 6.Ng5 d5 7.exd5 Nxd5 8.Nxf7 {Nun der 
Versuch eines Opfers ...}  Qh4+ {Ist meine 
interessanteste Partie hier, wir sollten öfter 
spielen !!!}  9.g3 {Mal sehen, wie sich alles 
weiterentwickelt! Nun folgt mein nächstes 
Angebot!?}  fxg3 {Und weg ist der Bauer :-))}  
10.Qe2+ {nun hoffe ich, dass sich mein Opfer 
rechnet, sonst gehe ich baden!}  Be7 {Nimmst Du 
mich mit zum baden ??  ;-)))}  11.Bg5 {Ist mir 
noch zu kalt. Pech für dich. Wie gehts deiner 
Frau?? haha}  g2+ {Meine Güte, so eine wilde 
Partie habe ich lange nicht gespielt. Bist Du 
immer so eine Wildkatze ;-))}  12.Bxh4 {Ich bin 
tatsächlich temperamentvoll! Scheint dir ja zu 
gefallen!}  gxh1Q+ {%}  13.Kd2 {was bedeutet das 
Prozentzeichen? verrätst du mir dein Alter?}  Kxf7 
{Ups, mein Text ist verlorengegangen :-(  Ich bin 
33, und Du ??}  14.Qh5+ {Ich werde in 14 Tagen 25. 
Ich habe mich wohl doch veropfert!?}  Kf8 {Ist 
ziemlich wild,aber meine Stellung gefällt mir 
besser. Würde gerne mehr über Dich erfahren ;-))}  
15.Bxd5 Qxh2+ {sprachlos ?? Schäm Dich, mir 
einfach mit einem Matt zu drohen!!}  16.Kc3 {Bin 
selten sprachlos! Doch letztes Mal hat 
ausnahmsweise mein Mann gezogen. Ich lag flach 
....}  Qh3+ {Ich hoffe Du bist wieder fit !!}  
17.Kd2 {Ach doch ... zumal uns Dominik, knapp 5 
Monate, hat schlafen lassen.}  Qf5 {Hast Du 
schonmal gegen einen Großmeister gespielt? (schau 
mal www.chessgate.de)}  0-1

[Event "HCL-C228"]
[Site "www.playchess.de"]
[Date "2001.04.10"]
[Round "4"]
[White "surak"]
[Black "craigsadler"]
[WhiteElo "1180"]
[BlackElo "721"]
[PlyCount "42"]
[Result "0-1"]

1.e4 c6 2.d4 d5 3.e5 Bf5 4.h4 h5 5.c4 e6 6.Nc3 Be7 
7.cxd5 cxd5 8.Bg5 Bxg5 9.hxg5 Bg6 10.Nb5 Nc6 
11.Nd6+ Ke7 12.Nxb7 Qb6 13.Nd6 Qxb2 14.Rb1 Qxb1 
15.Qxb1 Bxb1 16.a3 Rd8 17.Bb5 Nxd4 18.Ba4 Rxd6 
19.exd6+ Kxd6 20.Rh4 g6 21.Rxd4 
Bf5 0-1

[Event "HCL-B237"]
[Site "www.playchess.de"]
[Date "2001.04.10"]
[Round "13"]
[White "Bauernopfer"]
[Black "yxw1"]
[WhiteElo "1315"]
[BlackElo "1200"]
[PlyCount "61"]
[Result "1-0"]

1.e4 e5 2.Nf3 Nc6 3.d4 d6 4.dxe5 dxe5 5.Qxd8+ Kxd8 
6.Bb5 Bg4 7.Bxc6 Bxf3 8.Bxb7 Bxg2 9.Rg1 Rb8 10.Bd5 
Bb4+ 11.c3 Bxe4 12.Bxe4 Bf8 13.b3 Nf6 14.f3 Nxe4 
15.fxe4 a6 16.Be3 Be7 17.Rxg7 Bh4+ 18.Bf2 Bxf2+ 
19.Kxf2 Ke7 20.Nd2 Rbg8 21.Rxg8 Rxg8 22.Rg1 Rxg1 
23.Kxg1 Kd7 24.Kf2 f6 25.Kf3 {I think I will win.} 
 c5 26.Kg4 {.}  Ke6 27.h4 Kf7 28.Kf5 Ke7 29.Nc4 h6 
30.h5 Kf7 31.a4 1-0

[Event "HCL-B237"]
[Site "www.playchess.de"]
[Date "2001.04.10"]
[Round "17"]
[White "uiai"]
[Black "jefersonmello"]
[WhiteElo "1220"]
[BlackElo "1247"]
[PlyCount "57"]
[Result "1-0"]

1.d4 d5 2.c4 c6 3.Nc3 dxc4 4.a4 a6 5.e4 b5 6.axb5 
cxb5 7.Nxb5 Bb7 8.Nc3 Nc6 9.Be3 e5 10.d5 Nb4 
11.Bxc4 Nf6 12.Nf3 Qc7 13.Bb3 Bd6 14.Ba4+ Ke7 
15.O-O Rhc8 16.Rc1 a5 17.Nb5 Qd8 18.Nxd6 Rxc1 
19.Nf5+ Kf8 20.Qxc1 Nxe4 21.Bc5+ Kg8 22.Nxe5 Nxd5 
23.Rd1 Rc8 24.Nd7 Nxc5 25.Nxc5 Qc7 26.Qg5 f6 
27.Qg4 Ba8 28.Ne6 Qf7 29.Nh6+ 1-0

[Event "HCL-C228"]
[Site "www.playchess.de"]
[Date "2001.04.10"]
[Round "35"]
[White "Yurispb"]
[Black "dijk"]
[WhiteElo "1000"]
[BlackElo "1000"]
[PlyCount "41"]
[Result "1-0"]

1.e4 e5 2.f4 exf4 3.Nf3 d5 4.exd5 Qxd5 5.Nc3 Qf5 
6.d4 Bb4 7.Bd3 Qg4 8.O-O Nf6 9.Re1+ Be6 10.h3 Qh5 
11.Bxf4 Bxc3 12.bxc3 Nbd7 13.Ng5 Qxd1 14.Raxd1 h6 
15.Nxe6 fxe6 16.Rxe6+ Kd8 17.Rde1 c6 18.c4 c5 
19.d5 Re8 20.Bg6 Rf8 21.Bd6 1-0

[Event "HCL-B240"]
[Site "www.playchess.de"]
[Date "2001.04.10"]
[Round "2"]
[White "Inge_Heumann"]
[Black "Translightor"]
[WhiteElo "1895"]
[BlackElo "1486"]
[PlyCount "77"]
[Result "1/2-1/2"]

1.e4 {Hi! Eine schöne Partie wünsche ich uns!}  c5 
{Danke! Dir auch viel Spaß und viel Erfolg!}  
2.Nf3 e6 3.d4 cxd4 4.Nxd4 a6 5.Bd3 b5 6.O-O Bb7 
7.Be3 d6 8.Nd2 Nf6 9.c3 Nbd7 10.f3 d5 11.N4b3 Ne5 
12.Bc2 Nc4 13.Nxc4 dxc4 14.Qxd8+ Rxd8 15.Nc5 Bc8 
16.Rad1 Rxd1 17.Rxd1 Be7 18.b3 cxb3 19.axb3 O-O 
20.c4 bxc4 21.bxc4 Rd8 22.Rxd8+ Bxd8 23.Na4 h6 
24.c5 Bd7 25.Nb6 Bb5 26.Kf2 Kf8 27.e5 Nd7 28.f4 
Ke8 29.Be4 Bc7 30.Nc8 Kd8 31.Nd6 f6 32.c6 Nb8 
33.exf6 gxf6 34.Nb7+ Kc8 35.Nc5 Nxc6 36.Bxc6 Bxc6 
37.Nxa6 Bd6 38.Nc5 Bd5 39.g3 1/2-1/2

[Event "HCL-C240"]
[Site "www.playchess.de"]
[Date "2001.04.10"]
[Round "8"]
[White "ictus"]
[Black "craigsadler"]
[WhiteElo "1155"]
[BlackElo "713"]
[PlyCount "36"]
[Result "0-1"]

1.e4 c6 2.d4 d5 3.e5 Bf5 4.Nf3 e6 5.Be2 Nd7 6.Be3 
c5 7.c4 Nb6 8.dxc5 Nxc4 9.Bxc4 dxc4 10.Nc3 Qxd1+ 
11.Nxd1 Rc8 12.Nc3 Bxc5 13.Bxc5 Rxc5 14.O-O Ne7 
15.Rad1 O-O 16.Rd7 Ng6 17.Rxb7 Nxe5 18.Nxe5 
Rxe5 0-1

[Event "HCL-C244"]
[Site "www.playchess.de"]
[Date "2001.04.10"]
[Round "10"]
[White "tiberiuskirk"]
[Black "xantia3"]
[WhiteElo "1074"]
[BlackElo "1691"]
[PlyCount "34"]
[Result "0-1"]

1.e4 Nc6 2.d4 d5 3.exd5 Qxd5 4.Nf3 Bg4 5.Be2 O-O-O 
6.c3 e5 7.dxe5 Qxd1+ 8.Bxd1 Nxe5 9.Nbd2 Nd3+ 
10.Kf1 Bc5 11.Ne4 Bb6 12.Be3 Bxe3 13.fxe3 Nxb2 
14.Rb1 Nxd1 15.Nfd2 f5 16.Nf2 Nxe3+ 17.Kg1 
Rxd2 0-1

[Event "HCL-C245"]
[Site "www.playchess.de"]
[Date "2001.04.10"]
[Round "1"]
[White "JRockne"]
[Black "jhvn"]
[WhiteElo "757"]
[BlackElo "1000"]
[PlyCount "56"]
[Result "0-1"]

1.e4 c5 2.Nf3 Nc6 3.Bc4 Nf6 4.Nc3 e6 5.O-O d5 
6.exd5 exd5 7.Re1+ Be6 8.Bb3 Rc8 9.Ng5 Qd6 10.Nxd5 
Nxd5 11.Nxf7 Kxf7 12.Qf3+ Kg6 13.c3 Be7 14.Bc2+ 
Kh6 15.d4+ g5 16.dxc5 Qd7 17.h4 Bg4 18.Qg3 Bxc5 
19.hxg5+ Kg7 20.Qh4 Rcf8 21.Qh6+ Kg8 22.Be3 Nxe3 
23.fxe3 Na5 24.g6 Bf5 25.Rad1 Qg7 26.gxh7+ Rxh7 
27.Qf4 Bxc2 28.Qc7 Qxc7 0-1

[Event "HCL-B248"]
[Site "www.playchess.de"]
[Date "2001.04.10"]
[Round "4"]
[White "Foo_Lee"]
[Black "whatsleft2"]
[WhiteElo "744"]
[BlackElo "1894"]
[PlyCount "74"]
[Result "0-1"]

1.e4 d5 {goodluck}  2.Nc3 d4 3.Nb5 {I´m sorry, 
good luck for you too}  Nc6 4.c3 a6 5.Qa4 e5 {i am 
from south texas usa where are you from}  6.Nf3 
{I'm from Florianópolis (gugas home) it is in the 
south coast}  Bd7 7.Na3 Nf6 8.Qc2 Bxa3 9.bxa3 dxc3 
10.dxc3 Bg4 11.Bc4 O-O 12.Bg5 Qd6 13.Rd1 Qe7 
14.Qd3 Bxf3 15.Qxf3 Rad8 16.Rxd8 Rxd8 17.Bxf6 Qxf6 
18.Qxf6 gxf6 19.Bd5 Ne7 20.c4 c6 21.Bxf7+ Kxf7 
22.O-O Rd4 23.f3 Rxc4 24.Rd1 b5 25.Kf2 Rc2+ 26.Kg3 
Rxa2 27.f4 Rxa3+ 28.Kg4 exf4 29.Kxf4 Ra4 30.Kf3 c5 
31.g4 Ke6 32.Kf4 Rd4 33.Re1 Ng6+ 34.Kf3 Rd3+ 
35.Kf2 Ke5 36.Ke2 Nf4+ 37.Kf1 c4 0-1

[Event "HCL-C247"]
[Site "www.playchess.de"]
[Date "2001.04.10"]
[Round "6"]
[White "Shyloc"]
[Black "flywheel"]
[WhiteElo "1000"]
[BlackElo "1198"]
[PlyCount "32"]
[Result "0-1"]

1.e4 {Hi, have a nice game}  e5 {Hello from Iowa}  
2.Nf3 {hello, i'm from Catalonia}  Nc6 3.Bb5 Nf6 
4.d3 Bb4+ 5.Bd2 Ba5 6.a3 d5 7.Bxa5 d4 8.Bxc6+ bxc6 
9.Nxe5 O-O 10.Nxc6 Qd6 11.Nb4 Bg4 12.Qd2 c5 13.Nd5 
Nxd5 14.exd5 Rfe8+ 15.Kf1 Qxd5 16.f3 
Bxf3 0-1

[Event "HCL-B248"]
[Site "www.playchess.de"]
[Date "2001.04.10"]
[Round "7"]
[White "DIG"]
[Black "Foo_Lee"]
[WhiteElo "1500"]
[BlackElo "744"]
[PlyCount "43"]
[Result "1-0"]

1.e4 e5 2.Bc4 Nf6 3.d3 d5 4.exd5 Nxd5 5.Nf3 Bg4 
6.h3 Bxf3 7.Qxf3 c6 8.Nc3 Bb4 9.O-O Bxc3 10.bxc3 
b5 11.Bxd5 cxd5 12.Qg3 Qf6 13.Re1 e4 14.dxe4 Qe6 
15.Qxg7 Rf8 16.Bh6 Nd7 17.exd5 Qxe1+ 18.Rxe1+ Kd8 
19.Qg3 Re8 20.Rxe8+ Kxe8 21.Qg8+ Ke7 
22.Qxa8 1-0

[Event "HCL-C250"]
[Site "www.playchess.de"]
[Date "2001.04.10"]
[Round "1"]
[White "arsenic"]
[Black "myung"]
[WhiteElo "1243"]
[BlackElo "1000"]
[PlyCount "20"]
[Result "0-1"]

1.e4 e5 2.Nf3 Nc6 3.Bb5 Nf6 4.O-O Nxe4 5.d4 Nxd4 
6.Nxd4 c6 7.Ba4 Bc5 8.Nf3 d6 9.Re1 Nf6 10.Bg5 
O-O 0-1

[Event "HCL-B244"]
[Site "www.playchess.de"]
[Date "2001.04.10"]
[Round "5"]
[White "Doro"]
[Black "damage_kase"]
[WhiteElo "1571"]
[BlackElo "1379"]
[PlyCount "48"]
[Result "0-1"]

1.e4 {Hi and good luck!}  e6 2.d4 d5 3.Nc3 dxe4 
4.Nxe4 Nd7 5.Nf3 Ngf6 6.Bg5 Be7 7.Nxf6+ Bxf6 
8.Bxf6 Nxf6 9.Bd3 O-O 10.c3 b6 11.Qe2 a6 12.O-O-O 
Qe7 13.Ne5 Bb7 14.Rhg1 c5 15.g4 cxd4 16.g5 Nd7 
17.Bxh7+ {All or nothing!! :o)}  Kxh7 18.Qh5+ Kg8 
19.Nxd7 Qxd7 20.Rxd4 Qxd4 21.cxd4 Rac8+ 22.Kd2 Be4 
23.Rg4 Bf3 24.h4 g6 0-1